LEADER 01023nam0-22003371i-450- 001 990007846510403321 005 20040126132126.0 010 $a88-04-50435-8 035 $a000784651 035 $aFED01000784651 035 $a(Aleph)000784651FED01 035 $a000784651 100 $a20031222d2002----km-y0itay50------ba 101 1 $aita 102 $aIT 200 1 $aInterrogatori$ecome gli alleati hanno scoperto la terribile realtà del Terzo Reich$fRichard Overy 210 $aMilano$cMondadori$d2002 215 $a551 p., [16] c. di tav.$cill.$d23 cm 225 1 $a<>scie 300 $aTrad. di Nicoletta Lamberti 488 $12001$aInterrogations 610 0 $aCriminali di guerra nazisti$aInterrogatorio$aGermania$a1945 676 $a341.690268 700 1$aOvery,$bRichard James$f<1948- >$0139811 801 0$aIT$bUNINA$gRICA$2UNIMARC 901 $aBK 912 $a990007846510403321 952 $aXIV B 1801$b39956$fFSPBC 959 $aFSPBC 996 $aInterrogatori$9671632 997 $aUNINA LEADER 01271nam a22002533i 4500 001 991000869079707536 005 20040208085615.0 008 040220s1973 it |||||||||||||||||ita 035 $ab12682627-39ule_inst 035 $aARCHE-068096$9ExL 040 $aDip.to Scienze pedagogiche$bita$cA.t.i. Arché s.c.r.l. Pandora Sicilia s.r.l. 100 1 $aMartinelli, Franco$d<1933- >$0298405 245 10$aCondizioni di lavoro e di salute e conoscenze sui problemi della salute dei lavoratori italiani :$bgli edili nei cantieri di Roma /$cFranco Martinelli 260 $aRoma :$bIstituto italiano di medicina sociale,$c1973 300 $a91 p. ;$c24 cm 440 0$aCollana di studi sui problemi medico-sociali ;$v85 500 $aPrima del tit.: Indagine su stato attuale delle conoscenze dei lavoratori sui problemi concernenti la loro salute 650 4$aLavoratori edili$zRoma 907 $a.b12682627$b02-04-14$c17-03-04 912 $a991000869079707536 945 $aLE022 MPs-S 124 E 22/a$g1$i2022000187763$lle022$o-$pE0.00$q-$rl$s- $t0$u0$v0$w0$x0$y.i13193338$z17-03-04 996 $aCondizioni di lavoro e di salute e conoscenze sui problemi della salute dei lavoratori italiani$9270955 997 $aUNISALENTO 998 $ale022$b17-03-04$cm$da $e-$fita$git $h0$i1